| 000 | 00747 a2200169 4500 | ||
|---|---|---|---|
| 003 | Nust | ||
| 005 | 20221013155829.0 | ||
| 020 | _a0844556351 | ||
| 040 | _cNust | ||
| 082 | _a Hibbs , Albert R. | ||
| 245 |
_aThe earth-space sciences; _b investigating man’s environment _cby Albert R. Hibbs and Albert F. Eiss |
||
| 260 |
_aCanada _bLaidlaw Brothers _c1974 |
||
| 300 | _a576:p | ||
| 505 | _aUnit 1: Man, Science , Earth ,and Space (Page-10), Unit 2: The Universe (Page-42) Unit 3: The Solar System (Page-142), Unit 4: The Nature of The Earth (Page-218), Unit 5: The Earths Surface (Page-298) Unit 6: Rocks , Fossils , an d Minerals (Page-412), Unit 7: The Earths Environment (Page-476). | ||
| 650 |
_aEarth Space _9100224 |
||
| 942 |
_2ddc _cBK |
||
| 999 |
_c183777 _d183777 |
||